| 000 | 00400nam a2200145Ia 4500 | ||
|---|---|---|---|
| 020 | _a979-8020-69-3 | ||
| 084 | _a128-0206 SYA Gov Bo.1 | ||
| 100 | _aInu Kencana Syafi'ie | ||
| 245 | 0 | _aPengantar Ilmu Pemerintahan | |
| 250 | _aKe-6 | ||
| 260 |
_aBandung _bRefika Aditama _c2010 |
||
| 300 | _ai-xi + 155 hlm | ||
| 650 |
_aGovernment, Pemerintahan _eG-O-V _vDefinisi Ilmu Pemerintahan |
||
| 942 |
_cBK _01 |
||
| 999 |
_c23032 _d23023 |
||